South India under the Cholas / (Record no. 59459)

MARC details
000 -LEADER
fixed length control field 00857nam a22002657a 4500
005 - DATE AND TIME OF LATEST TRANSACTION
control field 20111215101218.0
008 - FIXED-LENGTH DATA ELEMENTS--GENERAL INFORMATION
fixed length control field 111215t xxu||||| |||| 00| 0 eng d
010 ## - LCCN (DPL NO)
LC control number ENG-104315
020 ## - INTERNATIONAL STANDARD BOOK NUMBER
International Standard Book Number 9780198077350
Terms of availability 675.00
020 ## - INTERNATIONAL STANDARD BOOK NUMBER
International Standard Book Number 0198077351
Terms of availability 675.00
035 ## - SYSTEM CONTROL NUMBER
System control number EN-87848
037 ## - SOURCE OF ACQUISITION
Source of stock number/acquisition DBAD / PUB
040 ## - CATALOGING SOURCE
Original cataloging agency dpl
Language of cataloging English
100 ## - MAIN ENTRY--PERSONAL NAME
9 (RLIN) 28493
Personal name Subbarayalu, Y.
245 ## - TITLE STATEMENT
Title South India under the Cholas /
Statement of responsibility, etc by Y. Subbarayalu
260 ## - PUBLICATION, DISTRIBUTION, ETC. (IMPRINT)
Place of publication, distribution, etc New Delhi
Name of publisher, distributor, etc Oxford University Press
Date of publication, distribution, etc 2012
270 ## - ADDRESS
Address YMCA Library Building, Jai Singh Road
City New Delhi
Postal code 110001
300 ## - PHYSICAL DESCRIPTION
Extent xvi,274p.
Dimensions 22cm (pbk)
500 ## - GENERAL NOTE
General note Includes index
650 ## - SUBJECT ADDED ENTRY--TOPICAL TERM
9 (RLIN) 28496
650 ## - SUBJECT ADDED ENTRY--TOPICAL TERM
9 (RLIN) 28522
700 ## - ADDED ENTRY--PERSONAL NAME
9 (RLIN) 28520
942 ## - ADDED ENTRY ELEMENTS (KOHA)
Source of classification or shelving scheme Dewey Decimal Classification
Item type English Books
Call number suffix SUB
Holdings
Withdrawn status Lost status Source of classification or shelving scheme Damaged status Not for loan Collection code Home library Current library Date acquired Source of acquisition Cost, normal purchase price Total Checkouts Full call number Barcode Date last seen Copy number Cost, replacement price Koha item type
    Dewey Decimal Classification   Not For Loan Non-fiction D.B.Act.Division D.B.Act.Division 15/12/2011 DBAD/PUB 675.00   SUB EN-87848 15/12/2011 1 675.00 English Books

© Delhi Public Library
Hit Counter
free hit counter